kku e-library facility

Finance in the Pauline Churches: (Record no. 82)

MARC details
000 -LEADER
fixed length control field 00617nam a22001577a 4500
008 - FIXED-LENGTH DATA ELEMENTS--GENERAL INFORMATION
fixed length control field 250516b |||||||| |||| 00| 0 eng d
020 ## - INTERNATIONAL STANDARD BOOK NUMBER
International Standard Book Number 978978996
100 ## - MAIN ENTRY--PERSONAL NAME
Personal name Dachollom C. Datiri
Dates associated with a name 2020 Dachollom c. Datiri
245 ## - TITLE STATEMENT
Title Finance in the Pauline Churches:
Remainder of title A Social-Exegetical Study of the Funding of Paul's Mission and the Financial Administration of His Congregations/
Statement of responsibility, etc. Datiri, Dachollom C.
250 ## - EDITION STATEMENT
Edition statement 1st edition
Remainder of edition statement lynx communiation ltd
260 ## - PUBLICATION, DISTRIBUTION, ETC.
Place of publication, distribution, etc. UK,
Name of publisher, distributor, etc. BARAKA PRESS AND PUBLISHERS LTD
Date of publication, distribution, etc. 2020
300 ## - PHYSICAL DESCRIPTION
Other physical details xxviii, 323p.;
Dimensions 21cm
500 ## - GENERAL NOTE
Materials specified book
General note welcome to kku libary
942 ## - ADDED ENTRY ELEMENTS (KOHA)
Source of classification or shelving scheme Dewey Decimal Classification

No items available.

©2025 All rights reserved. KKU